| 000 | 00378 a2200121 4500 | ||
|---|---|---|---|
| 020 | _a0784408645 | ||
| 082 | _a624.1515363 GEO | ||
| 245 |
_aGround Modififcation and Seismic Mitigation/ _cEdited by Ali Porbaha... [et all] |
||
| 260 |
_aVirginia : _bASCE Press : _c2006 |
||
| 300 |
_axiii, 444p. : _bill. ; _c23 cm |
||
| 650 | _aSoil Stabilization | ||
| 650 | _asoil Mechanics | ||
| 650 | _aEarthquake Engineering | ||
| 999 |
_c1223 _d1223 |
||